|
|
|
|
| LEADER |
00000nam a2200000 a 4500 |
| 001 |
vtls001521704 |
| 003 |
SK-MaSNL |
| 005 |
20260302073923.0 |
| 008 |
251031s2005 xo al g f 001 0 cze |
| 015 |
|
|
|a SNBA2005/09-03411
|
| 020 |
|
|
|a 8089115853
|q (brož.)
|
| 040 |
|
|
|a SNK
|b slo
|c SNK
|e AACR2
|
| 041 |
1 |
|
|a cze
|h eng
|
| 072 |
|
7 |
|a 615.8
|x Fyzioterapia. Psychoterapia. Alternatívna medicína
|2 konspekt
|
| 080 |
|
|
|a 612.76
|2 MDT-MRF
|
| 080 |
|
|
|a (035)
|2 MDT-MRF
|
| 080 |
|
|
|a 615.8:577.337
|2 MDT-MRF
|
| 080 |
|
|
|a 615.8
|2 MDT-MRF
|
| 100 |
1 |
|
|a Levy, Susan L.
|4 aut
|9 738927
|
| 240 |
1 |
0 |
|a Your body can talk
|l Česky
|
| 245 |
1 |
0 |
|a Kineziologie
|b energetický systém těla a mysli : jak používat jednoduché svalové testování ke zjištění, co vaše tělo ví a potřebuje
|c Susan L. Levyová, Carol Lehrová; [český překlad: Bohdana Schwarzová]
|
| 250 |
|
|
|a 2. vyd.
|
| 260 |
|
|
|a Bratislava
|b Eugenika
|c 2005
|
| 300 |
|
|
|a 191 s.
|b ilustr., tab.
|c 20 cm
|
| 504 |
|
|
|a Bibliogr. s. 181. Reg.
|
| 650 |
0 |
7 |
|a kineziológia
|2 SNKPH
|9 2503
|
| 650 |
0 |
7 |
|a alternatívna medicína
|2 SNKPH
|9 901
|
| 650 |
0 |
7 |
|a bioterapia
|2 SNKPH
|9 74346
|
| 655 |
|
7 |
|a príručky
|2 SNKPH
|9 74364
|
| 700 |
1 |
|
|a Lehr, Carol
|4 aut
|9 589006
|
| 700 |
1 |
|
|a Schwarzová, Bohdana
|4 trl
|9 589007
|
| 919 |
|
|
|a 80-89115-85-3
|
| 968 |
|
|
|b ENG
|d 61
|
| 999 |
|
|
|c 1162875
|d 1164805
|
| 952 |
|
|
|a SNK
|b SNK
|y PREZ
|7 0
|p 17A0461758
|o snkSD 74668
|i snk2005/4929
|8 0
|0 0
|1 0
|4 0
|d 2005-03-31
|l 0
|r 2025-11-21 00:00:00
|w 2026-02-24
|
| 952 |
|
|
|a SNK
|b SNK
|y VYP
|7 0
|p 17A0461759
|o snkSD 74668 D1
|i snk2005/4930
|8 0
|0 0
|1 0
|4 0
|d 2005-03-31
|l 0
|r 2026-02-24 20:39:04
|w 2026-02-24
|